| 000 | 00591nam a2200217Ia 4500 | ||
|---|---|---|---|
| 005 | 20250508162007.0 | ||
| 008 | 008 250505s9999 xx 000 0 eng d | ||
| 020 | _a0-02-312040-1 | ||
| 037 | _aTextual | ||
| 040 |
_aFEDL _beng _cFEDL |
||
| 041 |
_aeng _2eng |
||
| 084 |
_a591, BOO _qFEDL |
||
| 100 |
_aBoolootian Richard A _9771983 |
||
| 245 | 0 | _aCollege zoology | |
| 250 | _a9th | ||
| 260 |
_aNew York, USA _bMacmillan Publishing Company _c1976 |
||
| 300 | _axxvii,801p. | ||
| 700 |
_a Stiles Karl A _9771984 |
||
| 942 |
_cTEXL _h591, BOO |
||
| 999 |
_c1373718 _d1373718 |
||